| 000 | 00462nam a2200181Ia 4500 | ||
|---|---|---|---|
| 001 | 23485 | ||
| 005 | 20260414150940.0 | ||
| 008 | 260414t2005||||xx |||||||||||||| ||spa|| | ||
| 041 | _aESP | ||
| 082 |
_a650.1 _bS54 |
||
| 100 |
_aSilberman, Mel _eAUT |
||
| 245 | 0 |
_aSeis estrategias para el éxito : _bla práctica de la inteligencia interpersonal |
|
| 260 | _c2005 | ||
| 300 |
_a240 p _c21 cm |
||
| 650 | _aGEN | ||
| 654 | _aCCO | ||
| 942 |
_cLIB _dJUS _fJUS _2ddc _n |
||
| 999 |
_c23485 _d23485 |
||